Ruská hudba : od nejstarších dob až po Velkou říjnovou revoluci /

Hlavní autor: Racek, Jan, 1905-1979
Jazyk: Čeština
Vydáno: Praha : Státní nakladatelství krásné literatury, 1953
Vydání: 1. vyd.
Témata:
Externí odkaz: Digitalizovaný dokument
Fyzický popis: 168 s., příl.
Knihy
Uloženo v:
LEADER 01494nam a22003852a 4500
001 000081144
003 CZ BrMZK
005 20150423123239.0
007 ta
008 950101s1953 xr f f cze d
015 |a cnb000509034 
035 |a (OCoLC)85314513 
040 |a BOA001  |b cze 
072 7 |a 78  |x Hudba  |2 Konspekt  |9 9 
080 |a 78  |2 MRF 
080 |a 78.071.1/.2  |2 MRF 
080 |a 78-027.22  |2 MRF 
080 |a (470+571)  |2 MRF 
080 |a (038.072)  |2 MRF 
100 1 |a Racek, Jan,  |d 1905-1979  |7 jk01101851  |4 aut 
245 1 0 |a Ruská hudba :  |b od nejstarších dob až po Velkou říjnovou revoluci /  |c Jan Racek 
250 |a 1. vyd. 
260 |a Praha :  |b Státní nakladatelství krásné literatury,  |c 1953 
300 |a 168 s., příl. 
504 |a Obsahuje bibliografii 
650 0 7 |a hudba  |7 ph114719  |z Rusko  |2 czenas 
650 0 7 |a hudebníci  |7 ph117204  |z Rusko  |2 czenas 
650 0 7 |a hudební život  |7 ph135177  |z Rusko  |2 czenas 
655 7 |a výkladové slovníky  |7 fd133855  |2 czenas 
856 4 1 |u http://www.digitalniknihovna.cz/mzk/uuid/uuid:6dc57a30-6f88-11e2-b9fa-005056827e52  |y Digitalizovaný dokument  |x NDK 
910 |a BOA001  |b 2-0309.018 
990 |a BK 
996 7 |b 2619948161  |c 2-0309.018  |l MZK  |r Sklad / do 24 hodin  |n 28  |w 000081144  |u 000050  |a 1  |e BOA001  |j MZK50  |s A 
996 7 |b 2619980572  |c 2-0309.018  |l MZK  |r Sklad / do 24 hodin  |n 15  |w 000081144  |u 000010  |a 1  |e BOA001  |j MZK50  |s A 
996 6 |b 2619993569  |c 2-0309.018  |l MZK  |r Sklad / do 24 hodin  |n 49  |w 000081144  |u 000040  |a 1  |e BOA001  |j MZK50  |s P